[Event "WchT Seniors 50"]
[Site "Struga"]
[Date "2023.09.19"]
[Round "1.2"]
[White "Mottonen, Ari"]
[Black "Guo, Jun"]
[Result "0-1"]
[WhiteElo "1846"]
[BlackElo "2244"]
[PlyCount "48"]
[EventDate "2023.09.19"]
[EventType "team-swiss"]
[EventRounds "9"]
[EventCountry "MKD"]
[SourceTitle "EXT 2024"]
[Source "ChessBase"]
[SourceDate "2023.10.10"]
[SourceVersion "1"]
[SourceVersionDate "2023.10.10"]
[SourceQuality "1"]
[WhiteTeam "Finland 50"]
[BlackTeam "China Shenzhen 50 (W)"]
[WhiteTeamCountry "FIN"]
[BlackTeamCountry "CHN"]

1. c4 d6 2. Nf3 Bg4 3. d3 e5 4. Nbd2 Nd7 5. g3 c6 6. Bg2 Be7 7. 0-0 h5 8. h4 g5 9. hxg5 Bxg5 10. Nxg5 Qxg5 11. Ne4 Qe7 12. Bg5 f6 13. Bh4 Nh6 14. d4 Nf5 15. dxe5 dxe5 16. c5 Nxh4 17. gxh4 Nxc5 18. Nxc5 Qxc5 19. Rc1 Qe7 20. f4 e4 21. Qd4 Rg8 22. Rfe1 Rd8 23. Qc4 Be6 24. Qc3 Qg7 0-1

[Event "EU-ch Seniors 50 22nd"]
[Site "Acqui Terme"]
[Date "2023.06.03"]
[Round "9"]
[White "Mottonen, Ari"]
[Black "Mordiglia, Riccardo"]
[Result "0-1"]
[WhiteElo "1860"]
[BlackElo "2073"]
[PlyCount "176"]
[EventDate "2023.05.26"]
[EventType "swiss"]
[EventRounds "9"]
[EventCountry "ITA"]
[SourceTitle "CBM 214 Extra"]
[Source "ChessBase"]
[SourceDate "2023.07.31"]
[SourceVersion "1"]
[SourceVersionDate "2023.07.31"]
[SourceQuality "1"]

1. c4 g6 2. Nc3 Bg7 3. Nf3 e5 4. d4 d6 5. g3 Nd7 6. Bg2 Ne7 7. 0-0 0-0 8. e4 h6 9. h3 Kh7 10. Be3 c6 11. Qc2 Qc7 12. Rac1 Nb6 13. b3 f5 14. dxe5 dxe5 15. exf5 gxf5 16. Bc5 Be6 17. Rfe1 Rf7 18. Rcd1 Nbc8 19. Qe2 e4 20. Nd4 Qe5 21. Nxe6 Qxe6 22. Qc2 Qe5 23. Bd4 Qc7 24. Be3 Ng6 25. Ne2 Nce7 26. Qd2 Ng8 27. f3 exf3 28. Bxf3 Nf6 29. Nf4 Ne5 30. Bg2 Ne4 31. Qc2 Nxg3 32. Ne6 Qa5 33. Nxg7 Kxg7 34. Bf4 Ne4 35. Bxe4 fxe4 36. Rxe4 Ng6 37. Bg3 Qf5 38. Qg2 a5 39. Rf1 Qxf1+ 40. Qxf1 Rxf1+ 41. Kxf1 a4 42. b4 Rd8 43. Ke2 Kf6 44. b5 Kf5 45. Re3 Rd4 46. bxc6 bxc6 47. c5 Rc4 48. Ra3 h5 49. Kd3 Re4 50. Rc3 Nf4+ 51. Bxf4 Kxf4 52. Kd2 h4 53. a3 Ke5 54. Kd3 Kd5 55. Rc1 Rd4+ 56. Ke3 Rc4 57. Rg1 Rc3+ 58. Kd2 Rxh3 59. Rg4 Rxa3 60. Rxh4 Kxc5 61. Kc2 Kb5 62. Rh5+ c5 63. Rh8 Rg3 64. Rb8+ Kc4 65. Ra8 a3 66. Ra4+ Kb5 67. Ra8 Kb4 68. Rb8+ Kc4 69. Rc8 Rg2+ 70. Kb1 Kb4 71. Rb8+ Kc3 72. Rh8 Rb2+ 73. Ka1 Rd2 74. Rh3+ Rd3 75. Rh8 Rd2 76. Rh3+ Kb4 77. Rh8 c4 78. Rb8+ Kc3 79. Rc8 Rg2 80. Rc7 Kb3 81. Rb7+ Kc2 82. Rc7 c3 83. Ka2 Kd2 84. Kxa3 Rg8 85. Rd7+ Kc2 86. Rh7 Ra8+ 87. Kb4 Kb2 88. Kc4 c2 0-1

[Event "EU-ch Seniors 50 22nd"]
[Site "Acqui Terme"]
[Date "2023.05.28"]
[Round "3"]
[White "Mottonen, Ari"]
[Black "Cardilli, Mariano"]
[Result "1/2-1/2"]
[WhiteElo "1860"]
[BlackElo "2038"]
[PlyCount "74"]
[EventDate "2023.05.26"]
[EventType "swiss"]
[EventRounds "9"]
[EventCountry "ITA"]
[SourceTitle "CBM 214 Extra"]
[Source "ChessBase"]
[SourceDate "2023.07.31"]
[SourceVersion "1"]
[SourceVersionDate "2023.07.31"]
[SourceQuality "1"]

1. d4 d5 2. Nf3 Nf6 3. c4 c6 4. e3 Bf5 5. Nc3 e6 6. Be2 Nbd7 7. 0-0 h6 8. b3 Bd6 9. Bb2 0-0 10. Nd2 Qe7 11. f4 c5 12. Nb5 cxd4 13. Nxd6 Qxd6 14. exd4 Ne4 15. c5 Qc7 16. b4 Nxd2 17. Qxd2 Nf6 18. Bf3 Be4 19. g3 Bxf3 20. Rxf3 Ne4 21. Qe2 f5 22. a4 g5 23. b5 Rf7 24. Rc1 Rg7 25. Kh1 gxf4 26. Rxf4 Kh7 27. Rcf1 Rag8 28. Qe1 Qf7 29. Rh4 Qe7 30. Bc1 Rg6 31. Bf4 Qf6 32. Qe3 Qg7 33. Be5 Qd7 34. Qc1 Rc8 35. Bf4 Qg7 36. Be5 Qd7 37. Bf4 Qg7 1/2-1/2

[Event "EU-ch Seniors 50 22nd"]
[Site "Acqui Terme"]
[Date "2023.05.26"]
[Round "1"]
[White "Mottonen, Ari"]
[Black "Contin, Daniel"]
[Result "0-1"]
[WhiteElo "1860"]
[BlackElo "2231"]
[PlyCount "54"]
[EventDate "2023.05.26"]
[EventType "swiss"]
[EventRounds "9"]
[EventCountry "ITA"]
[SourceTitle "CBM 214 Extra"]
[Source "ChessBase"]
[SourceDate "2023.07.31"]
[SourceVersion "1"]
[SourceVersionDate "2023.07.31"]
[SourceQuality "1"]

1. c4 e5 2. Nc3 Nf6 3. e3 Bb4 4. Nge2 0-0 5. a3 Be7 6. d4 exd4 7. Nxd4 d5 8. cxd5 Nxd5 9. Bd3 Nxc3 10. bxc3 c5 11. Nf5 Bf6 12. Qc2 Qa5 13. Bd2 Rd8 14. 0-0 c4 15. Be4 Bxf5 16. Bxf5 Rxd2 17. Qxd2 Qxf5 18. Rab1 Nc6 19. Rxb7 Rd8 20. Qe2 Na5 21. Rbb1 g6 22. Rfd1 Rxd1+ 23. Rxd1 Bxc3 24. e4 Qc5 25. h4 Bd4 26. Rd2 c3 27. Rc2 Nc4 0-1

[Event "Heart of Finland op 29th"]
[Site "Jyvaskyla"]
[Date "2019.07.17"]
[Round "4"]
[White "Mottonen, Ari"]
[Black "Riipinen, Juha"]
[Result "0-1"]
[WhiteElo "1908"]
[BlackElo "2093"]
[PlyCount "138"]
[EventDate "2019.07.15"]
[EventType "swiss"]
[EventRounds "9"]
[EventCountry "FIN"]
[SourceTitle "EXT 2021"]
[Source "ChessBase"]
[SourceDate "2020.10.23"]
[SourceVersion "1"]
[SourceVersionDate "2020.10.23"]
[SourceQuality "1"]

1. Nf3 Nf6 2. g3 d5 3. Bg2 g6 4. 0-0 Bg7 5. c4 c6 6. d3 0-0 7. Nbd2 Bf5 8. cxd5 cxd5 9. Qe1 Nc6 10. e4 Be6 11. e5 Nd7 12. d4 Qb6 13. Qe3 Nb4 14. Qb3 Rfc8 15. a3 Nc2 16. Qxb6 Nxb6 17. Ra2 Bf5 18. Rd1 Rc7 19. Nf1 Be4 20. Bf4 e6 21. Be3 Rac8 22. b3 Bf8 23. a4 a5 24. Ne1 Bxg2 25. Kxg2 Nxe1+ 26. Rxe1 Bb4 27. Bd2 Bxd2 28. Rxd2 Rc1 29. Rxc1 Rxc1 30. Rd3 f6 31. exf6 Kf7 32. Nd2 Kxf6 33. Nf3 Nd7 34. h4 h6 35. Nh2 b6 36. Ng4+ Kg7 37. Nh2 g5 38. hxg5 hxg5 39. f4 gxf4 40. gxf4 Kf6 41. Kf3 Kf5 42. Ng4 Rf1+ 43. Nf2 Nf6 44. Ke2 Rb1 45. Nd1 Kxf4 46. Rf3+ Kg5 47. Rg3+ Ng4 48. Kd2 Kf4 49. Rc3 e5 50. dxe5 Nxe5 51. Kc2 Ra1 52. Rh3 Nf3 53. Rh6 Nd4+ 54. Kd2 Nxb3+ 55. Kc2 Nd4+ 56. Kd2 Rxa4 57. Nc3 Nf5 58. Rxb6 Rd4+ 59. Kc2 Ne3+ 60. Kc1 Rc4 61. Kd2 d4 62. Ne2+ Ke4 63. Re6+ Kd5 64. Nf4+ Kc5 65. Re5+ Kb4 66. Nd3+ Kb3 67. Rxa5 Rc2+ 68. Ke1 Nc4 69. Ne5 Nxa5 0-1

[Event "Heart of Finland op 29th"]
[Site "Jyvaskyla"]
[Date "2019.07.15"]
[Round "1"]
[White "Sipila, Vilka"]
[Black "Mottonen, Ari"]
[Result "1-0"]
[WhiteElo "2399"]
[BlackElo "1908"]
[PlyCount "61"]
[EventDate "2019.07.15"]
[EventType "swiss"]
[EventRounds "9"]
[EventCountry "FIN"]
[SourceTitle "CBM 191 Extra"]
[Source "ChessBase"]
[SourceDate "2019.09.30"]
[SourceVersion "1"]
[SourceVersionDate "2019.09.30"]
[SourceQuality "1"]

1. e4 c6 2. d4 d5 3. e5 Bf5 4. Nf3 e6 5. Be2 h6 6. 0-0 Nd7 7. Nbd2 c5 8. c4 Ne7 9. dxc5 Nxc5 10. Nb3 Nc6 11. Be3 Ne4 12. Nfd4 Nxe5 13. Nxf5 exf5 14. cxd5 Bd6 15. Nd4 g6 16. Nb5 g5 17. Bxa7 0-0 18. Qd4 Re8 19. Bb6 Qd7 20. f3 Nf6 21. Nc3 Qe7 22. Qf2 Nfd7 23. Bd4 Ng6 24. Bd3 f4 25. Rfe1 Nge5 26. Bb5 f6 27. Ne4 Kg7 28. a4 Bb4 29. Re2 Rec8 30. Bxd7 Qxd7 31. Nxf6 1-0

[Event "EU-ch Seniors 50 19th"]
[Site "Rhodes"]
[Date "2019.04.12"]
[Round "7"]
[White "Mottonen, Ari"]
[Black "Hughes, Roy"]
[Result "0-1"]
[WhiteElo "1934"]
[BlackElo "1987"]
[PlyCount "94"]
[EventDate "2019.04.06"]
[EventType "swiss"]
[EventRounds "9"]
[EventCountry "GRE"]
[SourceTitle "CBM 189 Extra"]
[Source "ChessBase"]
[SourceDate "2019.06.03"]
[SourceVersion "1"]
[SourceVersionDate "2019.06.03"]
[SourceQuality "1"]

1. Nf3 d5 2. g3 c6 3. Bg2 Bg4 4. 0-0 e6 5. d3 Nd7 6. Nbd2 Ngf6 7. b3 a5 8. a3 Be7 9. Bb2 0-0 10. h3 Bh5 11. g4 Bg6 12. Nh4 Qc7 13. Nxg6 hxg6 14. e4 Bd6 15. Qe2 Bf4 16. Rad1 Rfd8 17. Rfe1 e5 18. exd5 cxd5 19. Nf3 d4 20. Rf1 Rac8 21. Ne1 Nb6 22. Bc1 Nbd5 23. Bd2 b5 24. Be4 Qd6 25. g5 Nh5 26. Bxd5 Qxd5 27. Qe4 Qe6 28. Qf3 Qe7 29. Bxa5 Qxg5+ 30. Kh1 Re8 31. Rg1 Qf5 32. Rg4 Nf6 33. Rg1 g5 34. Bd2 Qe6 35. Bxf4 gxf4 36. Qg2 g6 37. Rd2 Kg7 38. Nf3 Rh8 39. Ng5 Qf5 40. Re1 Rh5 41. Nf3 Rxh3+ 42. Kg1 Nd7 43. Kf1 Rch8 44. Re4 Rh1+ 45. Ke2 Qh5 46. Rd1 Rh3 47. Rg1 f5 0-1

[Event "EU-ch Seniors 50 19th"]
[Site "Rhodes"]
[Date "2019.04.07"]
[Round "2"]
[White "Ruiz Bellon, Manuel"]
[Black "Mottonen, Ari"]
[Result "1/2-1/2"]
[WhiteElo "2006"]
[BlackElo "1934"]
[PlyCount "59"]
[EventDate "2019.04.06"]
[EventType "swiss"]
[EventRounds "9"]
[EventCountry "GRE"]
[SourceTitle "CBM 189 Extra"]
[Source "ChessBase"]
[SourceDate "2019.06.03"]
[SourceVersion "1"]
[SourceVersionDate "2019.06.03"]
[SourceQuality "1"]

1. Nf3 Nf6 2. d4 c5 3. c3 e6 4. Bf4 Qb6 5. Qb3 d5 6. Nbd2 Nc6 7. e3 Be7 8. Be2 0-0 9. 0-0 Qd8 10. dxc5 Bxc5 11. Rad1 Qe7 12. Bg5 h6 13. Bh4 g5 14. Bg3 Nh5 15. e4 Nxg3 16. hxg3 Rd8 17. exd5 exd5 18. Bd3 Be6 19. Qc2 Rac8 20. Qb1 Qf6 21. Nb3 Bb6 22. Nbd4 Bg4 23. Bf5 Bxf5 24. Qxf5 Kg7 25. Rfe1 Nxd4 26. Qxf6+ Kxf6 27. Nxd4 Re8 28. Nc2 Rxe1+ 29. Rxe1 d4 30. Nb4 1/2-1/2

[Event "Bangkok Cha Am op 18th"]
[Site "Bangkog"]
[Date "2018.04.14"]
[Round "2"]
[White "Mottonen, Ari"]
[Black "Chan, Jacob Joseph"]
[Result "0-1"]
[WhiteElo "1984"]
[BlackElo "1737"]
[PlyCount "78"]
[EventDate "2018.04.13"]
[EventType "swiss"]
[EventRounds "9"]
[EventCountry "THA"]
[SourceTitle "CBM 184 Extra"]
[Source "ChessBase"]
[SourceDate "2018.06.28"]
[SourceVersion "1"]
[SourceVersionDate "2018.06.28"]
[SourceQuality "1"]

1. Nf3 d5 2. g3 Nf6 3. Bg2 c6 4. 0-0 Bg4 5. b3 e6 6. Bb2 Be7 7. d3 0-0 8. Nbd2 a5 9. a4 Nbd7 10. h3 Bh5 11. e4 Qb8 12. exd5 cxd5 13. Qe2 b5 14. g4 Bg6 15. Nd4 b4 16. Nc6 Qd6 17. Nxe7+ Qxe7 18. Nf3 Rac8 19. Rfe1 Qc5 20. Rac1 Rfe8 21. Nh4 d4 22. Qd2 Nd5 23. Nxg6 hxg6 24. Bxd5 Qxd5 25. Re4 e5 26. f4 f6 27. fxe5 fxe5 28. Rf1 Rf8 29. Rxf8+ Rxf8 30. Qg2 Qc5 31. Re2 Nf6 32. Kh1 Re8 33. Rf2 Nd5 34. Qe4 Qc6 35. Kh2 Kh7 36. h4 Qe6 37. Bc1 Nf6 38. Rxf6 Qxf6 39. h5 Rf8 0-1

[Event "Bangkok Cha Am op 18th"]
[Site "Bangkog"]
[Date "2018.04.13"]
[Round "1"]
[White "Flores, Diego"]
[Black "Mottonen, Ari"]
[Result "1-0"]
[WhiteElo "2601"]
[BlackElo "1984"]
[PlyCount "67"]
[EventDate "2018.04.13"]
[EventType "swiss"]
[EventRounds "9"]
[EventCountry "THA"]
[SourceTitle "CBM 184 Extra"]
[Source "ChessBase"]
[SourceDate "2018.06.28"]
[SourceVersion "1"]
[SourceVersionDate "2018.06.28"]
[SourceQuality "1"]

1. Nf3 Nf6 2. c4 c5 3. Nc3 Nc6 4. g3 g6 5. Bg2 Bg7 6. 0-0 0-0 7. d4 cxd4 8. Nxd4 a6 9. c5 e5 10. Nb3 b5 11. Bg5 Qe8 12. Qd6 Qe6 13. Qxe6 fxe6 14. Rfd1 Ra7 15. Bxf6 Bxf6 16. Bxc6 dxc6 17. Ne4 Be7 18. Nc1 Rf5 19. Nd3 h5 20. h3 Kg7 21. g4 hxg4 22. hxg4 Rf4 23. f3 Bd7 24. Nxe5 Be8 25. Kg2 g5 26. a4 a5 27. Nd6 Bxd6 28. cxd6 Bd7 29. axb5 cxb5 30. Rxa5 Rxa5 31. Nxd7 b4 32. Kf2 Rd5 33. Rxd5 exd5 34. Nc5 1-0

[Event "Gibraltar Challenger op-A"]
[Site "Caleta"]
[Date "2017.01.24"]
[Round "2"]
[White "Osuna Vega, Enrique"]
[Black "Mottonen, Ari"]
[Result "1-0"]
[WhiteElo "2181"]
[BlackElo "1997"]
[PlyCount "133"]
[EventDate "2017.01.23"]
[EventType "swiss"]
[EventRounds "5"]
[EventCountry "GGB"]
[SourceTitle "CBM 176 Extra"]
[Source "ChessBase"]
[SourceDate "2017.03.02"]
[SourceVersion "1"]
[SourceVersionDate "2017.03.02"]
[SourceQuality "1"]

1. e4 c6 2. d4 d5 3. Nc3 dxe4 4. Nxe4 Nf6 5. Ng3 g6 6. Bc4 Bg7 7. Nf3 0-0 8. h3 Nbd7 9. 0-0 b5 10. Bb3 Bb7 11. Qe2 a6 12. Re1 e6 13. Bf4 Qe7 14. Rad1 Rfd8 15. c3 h6 16. Ne4 Nxe4 17. Qxe4 Nf6 18. Qe3 Kh7 19. Ne5 Nd5 20. Bxd5 Rxd5 21. Nd3 Rad8 22. b4 Bc8 23. Qg3 f6 24. Bc7 Re8 25. Bb6 Qf7 26. Qf3 Qb7 27. Bc5 Qc7 28. Re2 Red8 29. Rde1 Rf5 30. Qe4 Qf7 31. g4 Rg5 32. Qxc6 e5 33. Bb6 Bb7 34. Qc7 Qd5 35. Re4 Rd7 36. Qc5 f5 37. Qxd5 Bxd5 38. R4e2 Bf3 39. Nxe5 Bxe5 40. Rxe5 fxg4 41. Rxg5 hxg5 42. Re3 Rf7 43. hxg4 Bxg4 44. Kg2 Bf5 45. Bd8 g4 46. Bg5 Kg7 47. Re5 Rd7 48. f3 gxf3+ 49. Kxf3 Kf7 50. Ke3 Be6 51. Ke4 Bxa2 52. d5 Bc4 53. Kd4 Bb3 54. Kc5 Bc4 55. Kc6 Ra7 56. Re3 Bb3 57. d6 Be6 58. Rf3+ Ke8 59. Be7 Bf5 60. Rf2 Rd7 61. Rh2 Kf7 62. Kb6 Ke6 63. Kxa6 Bd3 64. Rd2 Bc4 65. Rd1 Ke5 66. Kb6 g5 67. Kc6 1-0

[Event "FIN-chT2 Gp2 1617"]
[Site "Finland"]
[Date "2016.09.17"]
[Round "1.1"]
[White "Alava, Mikko"]
[Black "Mottonen, Ari"]
[Result "1-0"]
[WhiteElo "2211"]
[BlackElo "1988"]
[PlyCount "87"]
[EventDate "2016.09.17"]
[EventType "team-tourn"]
[EventRounds "7"]
[EventCountry "FIN"]
[SourceTitle "EXT 2019"]
[Source "ChessBase"]
[SourceDate "2018.10.10"]
[SourceVersion "1"]
[SourceVersionDate "2018.10.10"]
[SourceQuality "1"]
[WhiteTeam "Vantaa EtVaS II"]
[BlackTeam "Espoo MatSK III"]
[WhiteTeamCountry "FIN"]
[BlackTeamCountry "FIN"]

1. e4 c6 2. d4 d5 3. Nc3 dxe4 4. Nxe4 Nf6 5. Nxf6+ exf6 6. c3 Bd6 7. Bd3 0-0 8. Qc2 h6 9. Ne2 Qc7 10. h3 Nd7 11. 0-0 Re8 12. c4 b6 13. Bd2 Bb7 14. b4 c5 15. bxc5 bxc5 16. Rfe1 cxd4 17. Nxd4 Nc5 18. Nb5 Qc6 19. Bf1 Be5 20. Rad1 a6 21. Nc3 Rad8 22. Be3 Bb8 23. Rxd8 Rxd8 24. Nd5 Kh8 25. Qc1 f5 26. Bd4 Ne4 27. Rxe4 fxe4 28. Bf6 Kh7 29. Bxd8 Qd6 30. Bc7 Bxc7 31. Nxc7 Qxc7 32. Qa3 Kg8 33. Qb4 f5 34. c5 Qc6 35. Qd4 Kh7 36. Qe5 Bc8 37. Bc4 Qd7 38. Bd5 Kh8 39. c6 Qd8 40. h4 e3 41. fxe3 Qxh4 42. Qe8+ Kh7 43. Bg8+ Kh8 44. Bf7+ 1-0

[Event "Gibraltar Challengers-A 14th"]
[Site "Caleta"]
[Date "2016.01.26"]
[Round "2"]
[White "Mottonen, Ari"]
[Black "Kandic, Milan"]
[Result "1/2-1/2"]
[WhiteElo "1981"]
[BlackElo "2109"]
[PlyCount "76"]
[EventDate "2016.01.25"]
[EventType "swiss"]
[EventRounds "5"]
[EventCountry "GGB"]
[SourceTitle "CBM 170 Extra"]
[Source "ChessBase"]
[SourceDate "2016.02.25"]
[SourceVersion "1"]
[SourceVersionDate "2016.02.25"]
[SourceQuality "1"]

1. Nf3 d5 2. g3 c6 3. Bg2 Bg4 4. 0-0 Nf6 5. d3 Nbd7 6. Nbd2 e5 7. c4 d4 8. b3 Bd6 9. h3 Bxf3 10. Nxf3 a5 11. e3 dxe3 12. Bxe3 0-0 13. d4 exd4 14. Nxd4 Bc5 15. Qc2 Qb6 16. Rad1 Rad8 17. Kh2 Rfe8 18. Nf5 Bxe3 19. Nxe3 Nc5 20. Rxd8 Rxd8 21. Rd1 Rd7 22. Rxd7 Ncxd7 23. Qc3 Qc5 24. Qd2 g6 25. Nc2 a4 26. Qd4 axb3 27. axb3 Qf5 28. Ne1 h5 29. Qe3 Qc5 30. Qxc5 Nxc5 31. b4 Nce4 32. Nd3 Kf8 33. f3 Nd2 34. c5 Nd5 35. f4 Ne3 36. b5 Nxg2 37. bxc6 bxc6 38. Kxg2 Nb3 1/2-1/2

[Event "FIN-chT1B 1516"]
[Site "Finland"]
[Date "2015.10.10"]
[Round "3.8"]
[White "Broman, Hannu"]
[Black "Mottonen, Ari"]
[Result "1-0"]
[WhiteElo "1910"]
[BlackElo "2001"]
[PlyCount "57"]
[EventDate "2015.09.12"]
[EventType "team-tourn"]
[EventRounds "8"]
[EventCountry "FIN"]
[SourceTitle "EXT 2017"]
[Source "ChessBase"]
[SourceDate "2016.10.25"]
[SourceVersion "1"]
[SourceVersionDate "2016.10.25"]
[SourceQuality "1"]
[WhiteTeam "Helsinki SSK"]
[BlackTeam "Espoo MatSK II"]
[WhiteTeamCountry "FIN"]
[BlackTeamCountry "FIN"]

1. d4 Nf6 2. c4 c5 3. d5 b5 4. Qc2 e6 5. e4 exd5 6. exd5 d6 7. Nf3 Be7 8. Be2 0-0 9. 0-0 Re8 10. Nc3 bxc4 11. Bxc4 Bg4 12. Nd2 Nbd7 13. h3 Bh5 14. f4 Nb6 15. g4 Bxg4 16. hxg4 Nxg4 17. Qd3 Ne3 18. Qxe3 Bf6 19. Qh3 Bd4+ 20. Kg2 Re3 21. Rf3 Re1 22. Bd3 h6 23. Nde4 f5 24. Ng3 Qe7 25. Nxf5 Rg1+ 26. Kh2 Qe1 27. Rf1 Rxf1 28. Qxf1 Qe8 29. Bd2 1-0

[Event "Politiken Cup 36th"]
[Site "Helsingor"]
[Date "2014.07.25"]
[Round "6"]
[White "Sajjadi, Kimiya"]
[Black "Mottonen, Ari"]
[Result "0-1"]
[WhiteElo "1531"]
[BlackElo "2000"]
[PlyCount "68"]
[EventDate "2014.07.21"]
[EventType "swiss"]
[EventRounds "10"]
[EventCountry "DEN"]
[SourceTitle "CBM 161 Extra"]
[Source "ChessBase"]
[SourceDate "2014.08.29"]
[SourceVersion "1"]
[SourceVersionDate "2014.08.29"]
[SourceQuality "1"]

1. d4 Nf6 2. c4 c5 3. d5 b5 4. cxb5 a6 5. bxa6 Bxa6 6. e3 Bxf1 7. Kxf1 d6 8. g3 g6 9. b3 Bg7 10. Bb2 0-0 11. Ne2 e5 12. Nec3 h5 13. Nd2 Ng4 14. h3 Nh6 15. Kg2 f5 16. Ne2 Nd7 17. f4 h4 18. Nc4 Nf7 19. g4 exf4 20. Bxg7 f3+ 21. Kxf3 fxg4+ 22. Kg2 gxh3+ 23. Rxh3 Kxg7 24. Nf4 Ng5 25. Qg4 Rxf4 26. exf4 Nxh3 27. Kxh3 Nf6 28. Qxh4 Qd7+ 29. Kg2 Rh8 30. Qg3 Qf5 31. Ne3 Qe4+ 32. Kf2 Nxd5 33. Re1 Nxf4 34. Nc4 Nd3+ 0-1

[Event "Kuopio We KSY A"]
[Site "Kuopio"]
[Date "2014.04.26"]
[Round "2"]
[White "Mottonen, Ari"]
[Black "Eloranta, Kari"]
[Result "1/2-1/2"]
[WhiteElo "1994"]
[BlackElo "2043"]
[PlyCount "30"]
[EventDate "2014.04.26"]
[EventType "swiss"]
[EventRounds "5"]
[EventCountry "FIN"]
[SourceTitle "EXT 2022"]
[Source "ChessBase"]
[SourceDate "2021.10.06"]
[SourceVersion "1"]
[SourceVersionDate "2021.10.06"]
[SourceQuality "1"]

1. Nf3 Nf6 2. d4 e6 3. g3 b5 4. Bg2 Bb7 5. 0-0 d5 6. b3 c5 7. c4 bxc4 8. bxc4 dxc4 9. Qa4+ Bc6 10. Qxc4 Nbd7 11. Ba3 Bd5 12. Qa4 cxd4 13. Nxd4 Bxa3 14. Qxa3 Qe7 15. Rd1 Qxa3 1/2-1/2

[Event "EU-chT Seniors"]
[Site "Sibenik"]
[Date "2014.04.07"]
[Round "7.13"]
[White "Mottonen, Ari"]
[Black "Siegmund, Rainer"]
[Result "1/2-1/2"]
[WhiteElo "1996"]
[BlackElo "2148"]
[PlyCount "42"]
[EventDate "2014.04.01"]
[EventType "team-swiss"]
[EventRounds "9"]
[EventCountry "CRO"]
[SourceTitle "CBM 159 Extra"]
[Source "ChessBase"]
[SourceDate "2014.04.24"]
[SourceVersion "1"]
[SourceVersionDate "2014.04.24"]
[SourceQuality "1"]
[WhiteTeam "Finland Seniors II"]
[BlackTeam "Germany Stiftung BSW/DBAG Seniors"]
[WhiteTeamCountry "FIN"]
[BlackTeamCountry "GER"]

1. d4 Nf6 2. c4 e6 3. Nc3 Bb4 4. f3 d5 5. a3 Bxc3+ 6. bxc3 c5 7. e3 0-0 8. cxd5 Nxd5 9. Bd3 Nc6 10. Ne2 Qh4+ 11. g3 Qd8 12. 0-0 cxd4 13. cxd4 Bd7 14. e4 Nde7 15. Be3 Rc8 16. Qd2 Na5 17. Rab1 b6 18. Rfc1 Rxc1+ 19. Qxc1 Qc8 20. Qxc8 Rxc8 21. Rc1 Rxc1+ 1/2-1/2

[Event "EU-chT Seniors"]
[Site "Sibenik"]
[Date "2014.04.05"]
[Round "5.12"]
[White "Haselhorst, Helmut"]
[Black "Mottonen, Ari"]
[Result "1/2-1/2"]
[WhiteElo "2079"]
[BlackElo "1996"]
[PlyCount "55"]
[EventDate "2014.04.01"]
[EventType "team-swiss"]
[EventRounds "9"]
[EventCountry "CRO"]
[SourceTitle "CBM 159 Extra"]
[Source "ChessBase"]
[SourceDate "2014.04.24"]
[SourceVersion "1"]
[SourceVersionDate "2014.04.24"]
[SourceQuality "1"]
[WhiteTeam "Germany Rheinland Seniors"]
[BlackTeam "Finland Seniors II"]
[WhiteTeamCountry "GER"]
[BlackTeamCountry "FIN"]

1. d4 Nf6 2. Nf3 e6 3. g3 d5 4. Bg2 c5 5. 0-0 Nc6 6. c4 dxc4 7. Ne5 Bd7 8. Na3 cxd4 9. Naxc4 Be7 10. Qb3 Qc8 11. Bf4 Nd5 12. Rac1 0-0 13. Rfd1 f6 14. Nxc6 bxc6 15. Rxd4 Qa6 16. Bd2 Rab8 17. Qd1 Be8 18. a3 Bf7 19. e4 c5 20. Rd3 Nb6 21. Bf1 Qb7 22. Bg2 e5 23. Na5 Qa6 24. Be1 c4 25. Re3 Bc5 26. Nc6 Bxe3 27. Nxb8 Rxb8 28. fxe3 1/2-1/2

[Event "Omegna op 1st"]
[Site "Omegna"]
[Date "2013.07.06"]
[Round "4"]
[White "Machlik, Edit"]
[Black "Mottonen, Ari"]
[Result "0-1"]
[WhiteElo "1810"]
[BlackElo "1989"]
[PlyCount "88"]
[EventDate "2013.07.04"]
[EventType "swiss"]
[EventRounds "6"]
[EventCountry "ITA"]
[SourceTitle "EXT 2014"]
[Source "ChessBase"]
[SourceDate "2013.11.20"]
[SourceVersion "1"]
[SourceVersionDate "2013.11.20"]
[SourceQuality "1"]

1. e4 e6 2. d4 d5 3. Nc3 Nf6 4. e5 Nfd7 5. f4 c5 6. Nf3 Nc6 7. Be3 Qb6 8. dxc5 Bxc5 9. Bxc5 Nxc5 10. Rb1 0-0 11. a3 Ne4 12. Nxe4 dxe4 13. Ng1 Qe3+ 14. Ne2 f6 15. exf6 Rxf6 16. Qc1 Qb6 17. c4 e5 18. c5 Qc7 19. Nc3 Be6 20. Nxe4 Rxf4 21. Qe3 Raf8 22. Bd3 Qe7 23. Rc1 Kh8 24. Rc2 Bd5 25. Nc3 Qf7 26. Nxd5 Qxd5 27. Rd2 Qe6 28. Rf1 Rxf1+ 29. Bxf1 Qg4 30. Qe2 Qh4+ 31. g3 Qg5 32. Bg2 Qe7 33. Bxc6 bxc6 34. Rd6 Qg5 35. Kd1 e4 36. b4 Qe5 37. Qa2 e3 38. Rxc6 e2+ 39. Qxe2 Qd5+ 40. Kc2 Qxc6 41. Qe7 Re8 42. Qxa7 Qf3 43. Qa6 Re2+ 44. Qxe2 Qxe2+ 0-1

[Event "FIN-chT 1213"]
[Site "Finland"]
[Date "2013.02.09"]
[Round "10.5"]
[White "Westerinen, Heikki MJ"]
[Black "Mottonen, Ari"]
[Result "1-0"]
[WhiteElo "2332"]
[BlackElo "1991"]
[PlyCount "49"]
[EventDate "2012.09.28"]
[EventType "team-tourn"]
[EventRounds "11"]
[EventCountry "FIN"]
[SourceTitle "EXT 2014"]
[Source "ChessBase"]
[SourceDate "2013.11.20"]
[SourceVersion "1"]
[SourceVersionDate "2013.11.20"]
[SourceQuality "1"]
[WhiteTeam "Salo SK"]
[BlackTeam "Espoo MatSK II"]
[WhiteTeamCountry "FIN"]
[BlackTeamCountry "FIN"]

1. e4 d6 2. d4 Nf6 3. Nc3 g6 4. h3 Bg7 5. Be3 c6 6. a4 0-0 7. a5 Qc7 8. Nf3 e5 9. dxe5 dxe5 10. Nd2 Be6 11. Be2 Nbd7 12. 0-0 b6 13. a6 Rad8 14. Qb1 Nb8 15. b4 Ne8 16. b5 f5 17. Bc4 Bf7 18. bxc6 Nxc6 19. Nd5 Qb8 20. Bg5 Rd7 21. Bb5 Rxd5 22. exd5 Nd4 23. Be7 Nxb5 24. Qxb5 Nc7 25. Qd7 1-0